| 000 | 01115naa a22002897a 4500 | ||
|---|---|---|---|
| 001 | BR7404989 | ||
| 003 | BR-BrBNA | ||
| 005 | 20240918173555.0 | ||
| 007 | ta | ||
| 008 | 230509b bl.||||| |||| 00| 0 por d | ||
| 040 |
_aBR-BrBNA _bpor _cBiblioteca Nacional de Agricultura |
||
| 041 | _a(Pt) | ||
| 072 |
_aK20; A50 _b/G514 |
||
| 090 | _aK20 BR7404989 | ||
| 110 | 1 | _aSuperintendencia do Desenvolvimento da Amazonia, Belem, PA (Brasil) | |
| 111 | 1 |
_a2. Congresso Florestal Brasileiro _cCuritiba, PR (Brazil) _d17 Feb 1973 |
|
| 245 | 1 | _aServico de treinamento e pesquisas florestais [Desenvolvimento florestal; Brasil] | |
| 260 | 3 |
_aCuritiba, PR (Brasil): _c1974. |
|
| 500 | _aAnais do 2. Congresso Florestal Brasileiro Curitiba, PR (Brasil): 1974. p. 23-24 (BR7404989-AM)K20 | ||
| 650 | _aADMINISTRACAO FLORESTAL | ||
| 650 | _aPESQUISA FLORESTAL | ||
| 650 | _aDESENVOLVIMENTO FLORESTAL | ||
| 650 | _aINSTITUICAO DE PESQUISA | ||
| 773 | 0 |
_tAnais do 2. Congresso Florestal Brasileiro _wK20 BR7404989 _gCuritiba, PR (Brasil), 1974. p. 23-24 |
|
| 909 |
_a202404 _bLucia _c55 _dLucia Elande |
||
| 942 |
_cAM _2AGRIS |
||
| 999 |
_c305501 _d305501 |
||